<?xml version="1.0" encoding="UTF-8"?><?xml-stylesheet type="text/xsl" href="static/style.xsl"?><OAI-PMH xmlns="http://www.openarchives.org/OAI/2.0/" xmlns:xsi="http://www.w3.org/2001/XMLSchema-instance" xsi:schemaLocation="http://www.openarchives.org/OAI/2.0/ http://www.openarchives.org/OAI/2.0/OAI-PMH.xsd"><responseDate>2026-04-14T03:16:23Z</responseDate><request verb="GetRecord" identifier="oai:www.recercat.cat:10256/27929" metadataPrefix="marc">https://recercat.cat/oai/request</request><GetRecord><record><header><identifier>oai:recercat.cat:10256/27929</identifier><datestamp>2025-12-13T10:44:46Z</datestamp><setSpec>com_2072_452955</setSpec><setSpec>com_2072_2054</setSpec><setSpec>col_2072_453068</setSpec></header><metadata><record xmlns="http://www.loc.gov/MARC21/slim" xmlns:dcterms="http://purl.org/dc/terms/" xmlns:xsi="http://www.w3.org/2001/XMLSchema-instance" xmlns:doc="http://www.lyncode.com/xoai" xsi:schemaLocation="http://www.loc.gov/MARC21/slim http://www.loc.gov/standards/marcxml/schema/MARC21slim.xsd">
   <leader>00925njm 22002777a 4500</leader>
   <datafield ind2=" " ind1=" " tag="042">
      <subfield code="a">dc</subfield>
   </datafield>
   <datafield ind2=" " ind1=" " tag="720">
      <subfield code="a">Raurell Torredà, Marta</subfield>
      <subfield code="e">author</subfield>
   </datafield>
   <datafield ind2=" " ind1=" " tag="720">
      <subfield code="a">Olivet Pujol, Josep</subfield>
      <subfield code="e">author</subfield>
   </datafield>
   <datafield ind2=" " ind1=" " tag="720">
      <subfield code="a">Romero Collado, Ángel</subfield>
      <subfield code="e">author</subfield>
   </datafield>
   <datafield ind2=" " ind1=" " tag="720">
      <subfield code="a">Bonmatí Tomàs, Anna</subfield>
      <subfield code="e">author</subfield>
   </datafield>
   <datafield ind2=" " ind1=" " tag="720">
      <subfield code="a">Baltasar Bagué, Alícia</subfield>
      <subfield code="e">author</subfield>
   </datafield>
   <datafield ind2=" " ind1=" " tag="720">
      <subfield code="a">Patiño Masó, Josefina</subfield>
      <subfield code="e">author</subfield>
   </datafield>
   <datafield ind2=" " ind1=" " tag="260">
      <subfield code="c">2014-03</subfield>
   </datafield>
   <datafield ind2=" " ind1=" " tag="520">
      <subfield code="a">Introducció: Les simulacions són activitats que imiten la realitat dels hospitals o centres d'atenció primària, dissenyades per a demostrar les habilitats, la presa de decisions i el pensament crític dels estudiants. Mètode: Estudi descriptiu transversal en estudiants de 4rt curs del Grau en Infermeria que van participar en la prova de l'Avaluació de la Competència Objectiva Estructurada (ACOE)Resultats: Es van avaluar 120 estudiants, de 22,8±5,1 anys i 104 (86,2%) eren dones. La puntuació més alta, en una escala de l'1 al 10, es va obtenir a l'estació d'habilitats tècniques (7,7±1,5), seguida de la d'urgències (6,4±1,5) i d'atenció primària (5,4±1,6). Respongueren correctament el càlcul de dosi 40 (31,5%) estudiants. La nota més baixa fou en la categoria de seguretat del pacient (4,5±2,1). Conclusions: L'avaluació dels estudiants mitjançant la simulació permet detectar fortaleses i debilitats en el programa formatiu del Grau. És insuficient la formació en seguretat del pacient i cal millorar-se la pràctica del càlcul de dosi de medicació</subfield>
   </datafield>
   <datafield ind2=" " ind1=" " tag="520">
      <subfield code="a">Introduction: Simulation are activities that mimics the real life of the hospitals and primary care centers, de-signed to demonstrate the skills, decision-making and critical thinking of students. Methods: Cross-sectional study designs over the fourth academic year undergraduate nursing students who participated in the Objective Structured Clinical Examination (OSCE). Results: 120 nursing students did the OSCE, with an average age of 22,8 (±5,1) years, of which 104 (86,2%) were women. The highest score in a scale, rated from 1 to 10, got to the station of technical-skills (7,7±1,5), followed by emergency station (6,4±1,5) and primary care station (5,4±1,6). 40 (31,5%) students answered correctly the drug dose calculation test. The lowest score was in the patient safety category (4,5±2,1). Conclusions: Student assessment simulation let us know strengths and weaknesses in the nursing curriculum. Patient safety and drug dose calculation must be improved. Keywords: Non-technical skills; Objective Structured Clinical Examination (OSCE); Simulation-based assess-ment; Nursing Students</subfield>
   </datafield>
   <datafield ind1="8" ind2=" " tag="024">
      <subfield code="a">http://hdl.handle.net/10256/27929</subfield>
   </datafield>
   <datafield ind2="0" ind1="0" tag="245">
      <subfield code="a">Prova d'Avaluació de la Competència Objectiva Estructurada (ECOE) al 4t curs del Grau en Infermeria</subfield>
   </datafield>
</record></metadata></record></GetRecord></OAI-PMH>